Proceedings Mathematical Sciences (Record no. 9540)

MARC details
000 -LEADER
fixed length control field 00375nam a22001217a 4500
003 - CONTROL NUMBER IDENTIFIER
control field OSt
008 - FIXED-LENGTH DATA ELEMENTS--GENERAL INFORMATION
fixed length control field 201209b ||||| |||| 00| 0 eng d
245 ## - TITLE STATEMENT
Title Proceedings Mathematical Sciences
250 ## - EDITION STATEMENT
Edition statement 2010(Feb Vol.120 No.1, Apr Vol.120 No.2, Jun Vol.120 No.3, Sep Vol.120 No.4, Nov Vol.120 No.5)
260 ## - PUBLICATION, DISTRIBUTION, ETC. (IMPRINT)
Place of publication, distribution, etc Bengaluru
Name of publisher, distributor, etc Springer
650 ## - SUBJECT ADDED ENTRY--TOPICAL TERM
Topical term or geographic name as entry element Applied Science
942 ## - ADDED ENTRY ELEMENTS (KOHA)
Source of classification or shelving scheme Dewey Decimal Classification
Koha item type BOUND VOLUME
Holdings
Withdrawn status Lost status Source of classification or shelving scheme Materials specified (bound volume or other part) Damaged status Not for loan Collection code Home library Current library Date acquired Source of acquisition Serial Enumeration / chronologySerial Enumeration / Volume No. Total Checkouts Acc. no. / Barcode Date last seen Bill Date Koha item type
    Dewey Decimal Classification Bound Volume   Not For Loan Applied Sc. PIET C-LIBRARY PIET C-LIBRARY 09/12/2020 Springer 2010(Feb Vol.120 No.1, Apr Vol.120 No.2, Jun Vol.120 No.3, Sep Vol.120 No.4, Nov Vol.120 No.5)   BV342 09/12/2020 02/01/2010 BOUND VOLUME

Design & Developed by: PIET Central Library
R70 Miles Stone Pattikalyana Samalkha Panipat 132102
mail ID :- [email protected], Phone No:- 0180-2569700 Ex.216